Falco: Albums by Cover - Statistics

General Stats
  • This quiz has been taken 12 times
  • The average score is 7 of 10
Answer Stats
Picture Hint Answer % Correct
1998 Out of the Dark (Into the Light)
92%
1982 Einzelhaft
83%
1985 Falco 3
83%
1988 Wiener Blut
83%
1984 Junge Roemer
75%
1992 Nachtflug
67%
1986 Emotional
58%
1990 Data de Groove
50%
2009 The Spirit Never Dies
42%
1999 Verdammt wir leben noch
42%
No matching quizzes found
Score Distribution
Percent of People with Each Score
Percentile by Number Answered
Your Score History
You have not taken this quiz